The witchy worries of abbie adams / (Record no. 3500)

MARC details
000 -LEADER
fixed length control field 00809nam a22002417a 4500
001 - CONTROL NUMBER
control field 3500
003 - CONTROL NUMBER IDENTIFIER
control field FISKH
005 - DATE AND TIME OF LATEST TRANSACTION
control field 20240313143655.0
008 - FIXED-LENGTH DATA ELEMENTS--GENERAL INFORMATION
fixed length control field 240313b cb ||||| |||| 00| 0 eng d
040 ## - CATALOGING SOURCE
Original cataloging agency FISK
Language of cataloging eng
Transcribing agency FISK
Modifying agency FISK
050 ## - LIBRARY OF CONGRESS CALL NUMBER
Classification number PZ7.H314942
082 ## - DEWEY DECIMAL CLASSIFICATION NUMBER
Classification number 813.5
100 ## - MAIN ENTRY--PERSONAL NAME
Personal name Hayter Rhonda
Dates associated with a name 1955-
245 ## - TITLE STATEMENT
Title The witchy worries of abbie adams /
Statement of responsibility, etc. Rhonda Hayter
260 ## - PUBLICATION, DISTRIBUTION, ETC.
Place of publication, distribution, etc. New York :
Name of publisher, distributor, etc. Scholastic,
Date of publication, distribution, etc. 2010
300 ## - PHYSICAL DESCRIPTION
Extent 242 pages :
Dimensions 20 cm
505 ## - FORMATTED CONTENTS NOTE
Formatted contents note Z
520 ## - SUMMARY, ETC.
Summary, etc. Fifth-grader Abbie, descended from a long line of witches, tries to keep her family's magic powers secret from everyone she knows until her father brings home a kitten with some very unusual characteristics.
521 8# - TARGET AUDIENCE NOTE
Target audience note 1110
Source Lexile
700 ## - ADDED ENTRY--PERSONAL NAME
Personal name Rhonda Hayter
942 ## - ADDED ENTRY ELEMENTS (KOHA)
Source of classification or shelving scheme Dewey Decimal Classification
Koha item type Books
Suppress in OPAC No
Holdings
Withdrawn status Lost status Source of classification or shelving scheme Damaged status Not for loan Collection Home library Current library Shelving location Date acquired Total Checkouts Full call number Barcode Date due Date last seen Date last checked out Copy number Price effective from Koha item type
    Dewey Decimal Classification     Fiction Footprints International School Library Network Toul Tom Poung Campus Footprints International School Library Network Toul Kork Campus TTP Secondary Fiction Bookshelves 03/13/2024 7 HAY PZ7.H314942 813.5 2024-0321 05/06/2026 04/22/2026 04/22/2026 1 03/13/2024 Books